| 000 | 00493nam a22001817a 4500 | ||
|---|---|---|---|
| 999 |
_c526505 _d526505 |
||
| 003 | NUST | ||
| 020 | _qHBK | ||
| 038 | _aFaiza | ||
| 082 |
_a891.421 _bIQB |
||
| 100 |
_aIqbal _917522 |
||
| 245 |
_aAng tareerran payian / _cIqbal |
||
| 260 |
_aLahore : _bSanjh Publishers, _c1995. |
||
| 300 | _a96 p. ; | ||
| 880 |
_6100-01\r _aاقبال |
||
| 880 |
_6245-02\r _aانگ تریڑاں پئیاں / |
||
| 880 |
_6260-03\r _aلاہور : _bسانجھ پبلیشرز, _c۱۹۹۵. |
||
| 942 |
_2ddc _cBK |
||